Catholic University of Zimbabwe Library
Online Public Access Catalogue
(OPAC)

From Tree Dwellings to New Towns (Record no. 11738)

MARC details
000 -LEADER
fixed length control field 00507 a2200145 4500
245 ## - TITLE STATEMENT
Title From Tree Dwellings to New Towns
Medium print
020 ## - INTERNATIONAL STANDARD BOOK NUMBER
International Standard Book Number 0582536189
250 ## - EDITION STATEMENT
Edition statement [New ed.]
650 ## - SUBJECT ADDED ENTRY--TOPICAL TERM
Topical term or geographic name entry element ENGLISH LANGUAGE RHETORIC
260 ## - PUBLICATION, DISTRIBUTION, ETC.
Place of publication, distribution, etc. enk
Name of publisher, distributor, etc. Longmans
Date of publication, distribution, etc. 1968
084 ## -
-- NA7105 .M3 1968
300 ## - PHYSICAL DESCRIPTION
Extent xiv, 178 p. illus., map, plans, ports. 20 cm.
Other physical details xiv, 178 p. illus., map, plans, ports. 20 cm.
Dimensions xiv, 178 p. illus., map, plans, ports. 20 cm.
500 ## - GENERAL NOTE
General note drawings by Hans Schwarz.

No items available.

OPENING HOURS

Weekdays: 0815hrs - 1800hrs
Weekends:0900hrs - 1200hrs

Closed for Mass:

Mon, Thur: 1200hrs - 1300hrs
Sunday & Public Holiday’s

CALL SUPPORT

0242-570570, 0242-570169
09200664, +263 8644140602

LOCATION

18443, Cranborne Avenue, Hatfield, Harare

Other Links


©2021 | CUZ Library